000 00650nam a22002177a 4500
003 UA-OsUOA
001 47567
007 ta
008 20120713b un ||||| |||| 00| 0 ukr d
090 _a050
_bС48
942 _cMG
040 _aUA-OsUOA
_bukr
_cUA-OsUOA
_dUA-OsUOA
245 _aСлово на сторожі.
955 _a4
041 _aukr
080 _a050
260 _aВінніпег
310 _a1973: №10; 1974: № 11
650 7 _a050 Серійні публікації. Періодика галузі, Організація та інші типи поєднання (співробітництва)
_2UDC
999 _c427672
_d427672